Statystyki dla 15 największych miast w województwie łódzkim

Kliknij tutaj aby rozwiązać quiz!

Ogólne statystyki

  • Ten quiz został rozwiązany 43 razy
  • Średni wynik to 12 z 15

Statystyki odpowiedzi

MieszkańcyMiasto% Poprawnych
677 286Łódź
100%
72 785Piotrków Trybunalski
95%
55 985Zgierz
95%
41 724Sieradz
88%
47 932Skierniewice
85%
56 740Bełchatów
83%
64 445Pabianice
83%
41 499Zduńska Wola
80%
43 658Kutno
78%
28 059Łowicz
78%
45 686Radomsko
78%
61 645Tomaszów Mazowiecki
78%
21 745Aleksandrów Łódzki
70%
20 936Opoczno
70%
22 125Wieluń
65%

Rozkład punktacji

Percentyl według liczby udzielonych odpowiedzi

Procent ludzi z każdym wynikiem

Twoja historia wyników

Nie rozwiązałeś tego quizu